Niektoré charakteristiky webových sídel v regionálnej samospráve

Využívanie elektronických služieb v obecných samosprávach na území SR. Dostupnosť a analýza webových sídiel orgánov verejnej správy. Prieskum oficiálnych webových stránok obcí v SR.

Salvato in:
Dettagli Bibliografici
Autore principale: Schmidt, Peter, 1968-
Altri autori: Horniaková, Veronika, 1990-
Natura: Capitolo di libro
Lingua:slovacco
Soggetti:
Tags: Aggiungi Tag
Nessun Tag, puoi essere il primo ad aggiungerne!!

MARC

LEADER 00000naa$a2200000$$$4500
001 0180695
005 20240502073103.7
041 0 |a slo 
044 |a SK 
245 1 0 |a Niektoré charakteristiky webových sídel v regionálnej samospráve  |c Peter Schmidt, Veronika Horniaková 
520 |a Využívanie elektronických služieb v obecných samosprávach na území SR. Dostupnosť a analýza webových sídiel orgánov verejnej správy. Prieskum oficiálnych webových stránok obcí v SR. 
610 2 0 |a Slovensko 
610 2 0 |a obce 
610 2 0 |a správa verejná elektronická 
610 2 0 |a samospráva regionálna 
610 2 0 |a internet 
610 2 0 |a stránky webové 
610 2 0 |a prieskum 
100 1 |a Schmidt, Peter, 1968- 
700 1 |a Horniaková, Veronika, 1990-